Case study research : principles and practices (Record no. 124771)

MARC details
000 -LEADER
fixed length control field 00610nam a2200205Ia 4500
008 - FIXED-LENGTH DATA ELEMENTS--GENERAL INFORMATION
fixed length control field 191130s2007##################000#0#eng##
020 ## - INTERNATIONAL STANDARD BOOK NUMBER
ISBN 9780521676564
082 ## - DEWEY DECIMAL CLASSIFICATION NUMBER
Classification number 001.432 GER
100 ## - MAIN ENTRY--AUTHOR NAME
Personal name Gerring, John
245 ## - TITLE STATEMENT
Title Case study research : principles and practices
Statement of responsibility, etc John gerring
260 ## - PUBLICATION, DISTRIBUTION, ETC. (IMPRINT)
Place of publication Cambridge
Name of publisher Cambridge University Press
Year of publication 2007
300 ## - PHYSICAL DESCRIPTION
Number of Pages x, 265p
500 ## - GENERAL NOTE
General note Includes bibliographical references and indexes
650 ## - SUBJECT ADDED ENTRY--TOPICAL TERM
Topical Term Historical method
991 ## -
-- 2614
Holdings
Withdrawn status Lost status Damaged status Not for loan Home library Current library Shelving location Date acquired Full call number Accession Number Cost, replacement price Price effective from Koha item type
        Anna Centenary Library Anna Centenary Library 3RD FLOOR, A WING 12.10.2020 001.432 GER 196265 6800.00 12.10.2020 Reference
        Anna Centenary Library Anna Centenary Library 3RD FLOOR, A WING 12.10.2020 001.432 GER 231265 3429.00 12.10.2020 Reference

Find us on the map